Почта духов, // Ч.1, янв. (Запись № 9714013)
[ простой вид ]
| 000 -МАРКЕР | |
|---|---|
| контрольное поле | 02548nas1a22004331 4500 |
| 001 - ИДЕНТИФИКАТОР ЗАПИСИ | |
| контрольное поле | RU\NLR\A1\34461 |
| 005 - ИДЕНТИФИКАТОР ВЕРСИИ | |
| контрольное поле | 20260406135701.0 |
| 035 ## - ДРУГИЕ СИСТЕМНЫЕ НОМЕРА | |
| Идентификатор записи | (NLR Aleph) 009684584 |
| 100 ## - ДАННЫЕ ОБЩЕЙ ОБРАБОТКИ | |
| Данные общей обработки | 20260119 rusy50 |
| 101 0# - ЯЗЫК РЕСУРСА | |
| Язык текста, звукозаписи и т.д. | русский |
| 102 ## - СТРАНА ПУБЛИКАЦИИ ИЛИ ПРОИЗВОДСТВА | |
| Страна публикации | Российская Федерация |
| 110 ## - ПОЛЕ КОДИРОВАННЫХ ДАННЫХ: ПРОДОЛЖАЮЩИЕСЯ РЕСУРСЫ | |
| Кодированные данные продолжающегося ресурса | afa||||0|u0 |
| 200 1# - ЗАГЛАВИЕ И СВЕДЕНИЯ ОБ ОТВЕТСТВЕННОСТИ | |
| Основное заглавие | Почта духов, |
| Сведения, относящиеся к заглавию | ежемесячное издание, или Ученая, нравственная, и критическая переписка арабскаго философа Маликульмулька с водяными, воздушными и подземными духами |
| 210 ## - ПУБЛИКАЦИЯ, РАСПРОСТРАНЕНИЕ И ДР. | |
| Место издания, распространения и т.д. | В Санктпетербурге |
| Имя издателя, распространителя и т. д. | [тип. И.Рахманинова] |
| Дата издания, распространения и т.д. | 1789-[1790] |
| 215 ## - ФИЗИЧЕСКАЯ ХАРАКТЕРИСТИКА | |
| Размеры | 8° |
| 300 ## - ОБЩИЕ ПРИМЕЧАНИЯ | |
| Текст примечания | Ценз.: Печатано с дозволения указнаго (тит. л.) |
| 300 ## - ОБЩИЕ ПРИМЕЧАНИЯ | |
| Текст примечания | В майском номере с.81-82 имеются в 2 вар. В первонач. вар. в конце с.82 подпись: "Естрат Тяпкин"; в исправленном вар.: "Евстрат Хапкин" |
| 300 ## - ОБЩИЕ ПРИМЕЧАНИЯ | |
| Текст примечания | На обороте тит. л. изд. марка И.Г.Рахманинова |
| 300 ## - ОБЩИЕ ПРИМЕЧАНИЯ | |
| Текст примечания | Изд. И.А.Крылов |
| 300 ## - ОБЩИЕ ПРИМЕЧАНИЯ | |
| Текст примечания | Каждый номер имеет шмуцтит. с загл. и обозначением месяца |
| 300 ## - ОБЩИЕ ПРИМЕЧАНИЯ | |
| Текст примечания | На тит. л. в ч.2 в вых. дан.: В Сантпетербурге [!] |
| 321 1# - ПРИМЕЧАНИЯ ОБ ОТДЕЛЬНО ИЗДАННЫХ УКАЗАТЕЛЯХ / РЕФЕРАТАХ / ССЫЛКАХ, ОТРАЖАЮЩИХ КАТАЛОГИЗИРУЕМЫЙ ДОКУМЕНТ | |
| Примечания об указателях, рефератах, ссылках | СК XVIII. Т.4, 209 |
| 463 #0 - УРОВЕНЬ ФИЗИЧЕСКОЙ ЕДИНИЦЫ | |
| Встроенное поле | 001RU\NLR\A1\34462 |
| Системный номер (АБИС) связанной записи | 13476807 |
| Дата публикации | 1789 |
| Физическая характеристика | [4], V, [1], 16, 49, [1] с. |
| Заглавие | Ч.1, янв. |
| URL | https://vivaldi.nlr.ru/pm000049234/view |
| 463 #0 - УРОВЕНЬ ФИЗИЧЕСКОЙ ЕДИНИЦЫ | |
| Встроенное поле | 001RU\NLR\A1\34463 |
| Системный номер (АБИС) связанной записи | 13476808 |
| Дата публикации | 1789 |
| Физическая характеристика | [6], 82 с. |
| Заглавие | Ч.2, май |
| URL | https://vivaldi.nlr.ru/pm000049238/view |
| 620 ## - МЕСТО И ДАТА ПУБЛИКАЦИИ, ИСПОЛНЕНИЯ И Т. Д. | |
| Город | Санкт-Петербург |
| 702 #1 - ИМЯ ЛИЦА - ВТОРИЧНАЯ ОТВЕТСТВЕННОСТЬ | |
| Код отношения | Печатник (типограф) |
| Материалы, к которым относится поле | rus |
| Графика поля | Кириллица |
| Начальный элемент ввода | Рахманинов |
| Часть имени, кроме начального элемента ввода | И. Г. |
| Даты | 1753-1807 |
| Расширение инициалов личного имени | Иван Герасимович |
| Идентификатор авторитетной/нормативной записи | RU\NLR\AUTH\77100573 |
| Системный номер авторитетной/нормативной записи | 83499 |
| 702 #1 - ИМЯ ЛИЦА - ВТОРИЧНАЯ ОТВЕТСТВЕННОСТЬ | |
| Код отношения | Издатель |
| Материалы, к которым относится поле | rus |
| Графика поля | Кириллица |
| Начальный элемент ввода | Крылов |
| Часть имени, кроме начального элемента ввода | И. А. |
| Дополнения к именам, кроме дат | баснописец |
| Даты | 1769-1844 |
| Расширение инициалов личного имени | Иван Андреевич |
| Идентификатор авторитетной/нормативной записи | RU\NLR\AUTH\772707 |
| Системный номер авторитетной/нормативной записи | 112715 |
| 712 00 - НАИМЕНОВАНИЕ ОРГАНИЗАЦИИ - ВТОРИЧНАЯ ОТВЕТСТВЕННОСТЬ | |
| Код отношения | Печатник (типограф) |
| Начальный элемент ввода | Рахманинов, |
| Идентифицирующий признак | Петербург |
| Инверсированный элемент | И. Г., |
| Часть наименования, отличная от начального элемента ввода и от инверсированного элемента | типография |
| Системный номер авторитетной/нормативной записи | 517419 |
| Идентификатор авторитетной/нормативной записи | RU\NLR\AUTH\880426446 |
| 801 #0 - ИСТОЧНИК ЗАПИСИ | |
| Страна | Российская Федерация |
| Организация | NLR |
| Дата составления | 20070406 |
| 852 ## - МЕСТОНАХОЖДЕНИЕ И ШИФР ХРАНЕНИЯ | |
| Идентификатор организации | NLR |
| Шифр хранения (Call Number) | 7/30 |
| Публикуемое примечание | Вар.2 |
| 899 ## - ДАННЫЕ О МЕСТОНАХОЖДЕНИИ (устаревшее) | |
| Местонахождение | РГБ |
| -- | Вар.1,2 |
| 899 ## - ДАННЫЕ О МЕСТОНАХОЖДЕНИИ (устаревшее) | |
| Местонахождение | БАН |
| -- | Вар.2 |
| 899 ## - ДАННЫЕ О МЕСТОНАХОЖДЕНИИ (устаревшее) | |
| Местонахождение | ГПИБ |
| -- | Вар.2 |
| 942 ## - ДОПОЛНИТЕЛЬНЫЕ ЭЛЕМЕНТЫ ЗАПИСИ (АБИС) | |
| Тип экземпляра АБИС | Журнал |
| 980 ## - КОЛЛЕКЦИЯ | |
| Название коллекции | Национальная библиография |
| 980 ## - КОЛЛЕКЦИЯ | |
| Название коллекции | Русская книга гражданской печати XVIII в. в библиотеках РФ |
| 981 20 - КОЛЛЕКЦИЯ ЭЛЕКТРОННОЙ БИБЛИОТЕКИ | |
| Название коллекции | Книжные памятники РНБ |
| Название подколлекции | Журналы и периодические альманахи |
Нет доступных экземпляров.